Weaving it together 3 & 4 (Record no. 18412)
[ view plain ]
| 000 -LEADER | |
|---|---|
| fixed length control field | 00689cgm a22002177a 4500 |
| 005 - DATE AND TIME OF LATEST TRANSACTION | |
| control field | 20201125063856.0 |
| 007 - PHYSICAL DESCRIPTION FIXED FIELD--GENERAL INFORMATION | |
| fixed length control field | vd cgaizm |
| 008 - FIXED-LENGTH DATA ELEMENTS--GENERAL INFORMATION | |
| fixed length control field | 140923t2011 xxx f |||| 0| vneng d- |
| 020 ## - INTERNATIONAL STANDARD BOOK NUMBER | |
| International Standard Book Number | 9781111002411 |
| 020 ## - INTERNATIONAL STANDARD BOOK NUMBER | |
| International Standard Book Number | 111100241X |
| 040 ## - CATALOGING SOURCE | |
| Original cataloging agency | EG-ScBUE |
| 082 00 - DEWEY DECIMAL CLASSIFICATION NUMBER | |
| Edition number | 22 |
| Classification number | 428.24 |
| Item number | BRO |
| 100 1# - MAIN ENTRY--PERSONAL NAME | |
| 9 (RLIN) | 36091 |
| Personal name | Broukal, Milada |
| 245 10 - TITLE STATEMENT | |
| Title | Weaving it together 3 & 4 |
| Medium | [videorecording] : |
| Remainder of title | connecting reading and writing : exam view assessment suite / |
| Statement of responsibility, etc | Milada Broukal. |
| 246 30 - VARYING FORM OF TITLE | |
| Title proper/short title | Weaving it together 3 and 4 |
| 250 ## - EDITION STATEMENT | |
| Edition statement | 3rd ed. |
| 260 ## - PUBLICATION, DISTRIBUTION, ETC. (IMPRINT) | |
| Place of publication, distribution, etc | [S. l.] : |
| Name of publisher, distributor, etc | Heinle Cengage Learning, |
| Date of publication, distribution, etc | c.2011. |
| 300 ## - PHYSICAL DESCRIPTION | |
| Extent | 1 CD-ROM. |
| 653 ## - INDEX TERM--UNCONTROLLED | |
| -- | EEENG |
| -- | September2014 |
| 942 ## - ADDED ENTRY ELEMENTS (KOHA) | |
| Source of classification or shelving scheme | Dewey Decimal Classification |
| Item type | |
| Call number prefix | 428.24 BRO TR |
| Withdrawn status | Lost status | Source of classification or shelving scheme | Damaged status | Not for loan | Koha collection | Home library | Current library | Shelving location | Date acquired | Source of acquisition | Total Checkouts | Total Renewals | Full call number | Barcode | Date last seen | Date last borrowed | Koha item type |
|---|---|---|---|---|---|---|---|---|---|---|---|---|---|---|---|---|---|
| Dewey Decimal Classification | Baccah | Central Library | Central Library | Second Floor | 25/09/2014 | 1 | 1 | 428.24 BRO TR | 000036384 | 24/08/2022 | 09/11/2014 | CD | DVD - Teacher resource |